Every city in Mauritius - Statistics

General Stats
  • This quiz has been taken 30 times
  • The average score is 8 of 40
Answer Stats
City Population % Correct
P Port-Louis 145,793
96%
B Beau-Bassin/Rose-Hill 103,452
71%
V Vacoas/Phoenix 105,688
63%
C Curepipe 78,256
54%
Q Quatre-Bornes 77,084
54%
M Mahébourg 15,426
46%
G Grand Baie 12,173
42%
R Rose Belle 12,232
38%
T Tamarin 4,371
38%
M Moka 9,364
29%
T Triolet 24,361
29%
S Souillac 4,434
25%
B Baie du Tombeau 15,301
21%
G Goodlands 21,063
21%
P Pamplemousses 9,682
21%
P Port Mathurin 8,350
21%
G Grand Gaube 7,706
17%
B Bambous 17,818
13%
C Centre de Flacq 16,175
13%
P Petit Raffray 9,410
13%
S St. Pierre 16,704
13%
C Chemin Grenier 12,292
8%
L Lalmatie 10,641
8%
L L‘Escalier 7,899
8%
M Montagne Blanche 9,440
8%
P Poudre d‘Or 2,373
8%
T Terre Rouge 11,210
8%
B Bel Air Rivière Sèche 18,036
4%
B Brisée Verdière 7,696
4%
L Le Hochet 15,662
4%
L Long Mountain 7,289
4%
P Plaine des Papayes 7,925
4%
P Poste de Flacq 8,659
4%
R Rivière du Rempart 11,009
4%
S Surinam 10,564
4%
D Dagotière 7,468
0%
N New Grove 11,023
0%
P Plaine Magnien 10,615
0%
R Richelieu 9,178
0%
V Vingt Cinq n.D.
0%
No matching quizzes found
Score Distribution
Percent of People with Each Score
Percentile by Number Answered
Your Score History
You have not taken this quiz